Age discrimination litigation / (Registro nro. 172718)
[ vista simple ]
| 000 -LEADER | |
|---|---|
| fixed length control field | 01074nam a22003251i 4500 |
| 001 - CONTROL NUMBER | |
| control field | bslw10065740 |
| 006 - FIXED-LENGTH DATA ELEMENTS--ADDITIONAL MATERIAL CHARACTERISTICS--GENERAL INFORMATION | |
| fixed length control field | m o d |
| 007 - PHYSICAL DESCRIPTION FIXED FIELD--GENERAL INFORMATION | |
| fixed length control field | cr un ---uuuua |
| 008 - FIXED-LENGTH DATA ELEMENTS--GENERAL INFORMATION | |
| fixed length control field | 230706t20222022cauk ob 000 0 eng d |
| 035 ## - | |
| -- | 38643 |
| 040 ## - CATALOGING SOURCE | |
| Original cataloging agency | UtOrBLW |
| Language of cataloging | eng |
| Description conventions | rda |
| Transcribing agency | UtOrBLW |
| 043 ## - | |
| -- | n-us--- |
| 050 #4 - | |
| -- | KF3465 |
| -- | .V46 2022 |
| 082 04 - | |
| -- | 344.7301398 |
| -- | 23 |
| 100 1# - MAIN ENTRY--PERSONAL NAME | |
| Personal name | Ventrell-Monsees, Cathy, |
| Relator term | author. |
| 245 10 - TITLE STATEMENT | |
| Title | Age discrimination litigation / |
| Statement of responsibility, etc | Cathy Ventrell-Monsees. |
| 250 ## - | |
| -- | Revision 17. |
| 264 #1 - | |
| -- | Costa Mesa, CA : |
| -- | James Publishing, |
| -- | [2022] |
| 264 #4 - | |
| -- | ©2022 |
| 300 ## - PHYSICAL DESCRIPTION | |
| Extent | 1 online resource (1 volume (various pagings)) : |
| Other physical details | forms |
| 336 ## - | |
| -- | text |
| -- | txt |
| -- | rdacontent |
| 337 ## - | |
| -- | computer |
| -- | c |
| -- | rdamedia |
| 338 ## - | |
| -- | online resource |
| -- | cr |
| -- | rdacarrier |
| 504 ## - BIBLIOGRAPHY, ETC. NOTE | |
| Bibliography, etc | Includes bibliographical references. |
| 650 #0 - SUBJECT ADDED ENTRY--TOPICAL TERM | |
| Topical term or geographic name as entry element | Age discrimination in employment |
| General subdivision | Law and legislation |
| Geographic subdivision | United States. |
| 650 #0 - SUBJECT ADDED ENTRY--TOPICAL TERM | |
| Topical term or geographic name as entry element | Actions and defenses |
| Geographic subdivision | United States. |
| 856 40 - LOCALIZACIÓN Y ACCESO ELECTRÓNICO | |
| Identificador Uniforme del Recurso (URI/URL) | https://app.vlex.com/#/sources/38643 |
| 942 ## - | |
| -- | RAA |
| 999 ## - | |
| -- | 172718 |
| -- | 172718 |
No hay ítems disponibles.